| 000 | 01516nam a22002777a 4500 | ||
|---|---|---|---|
| 005 | 20110705101758.0 | ||
| 020 |
_a8182636981 _c15.00 |
||
| 020 |
_a9788182636989 _c15.00 |
||
| 035 | _aB-432174-178 | ||
| 037 |
_aDPL _bBlue Berry |
||
| 082 | _aS | ||
| 100 |
_aVinita Krishna _929754 |
||
| 245 |
_aChhuk-chhuk-chhak / _cby Vinita Krishna; illustrated by Suvidha Mistry; translated by Ritu Singh |
||
| 250 | _a3rd | ||
| 260 |
_aNew Delhi _bPratham Books _c2010 |
||
| 270 |
_a633-634, 4th "C" Main, 6th 'B' Cross, OMBR Layout, Banaswadi _bBangalore _e560043 _k011-65684113 |
||
| 300 |
_a8p. _bill. _c17 cm.(pbk) |
||
| 700 | _929160 | ||
| 942 |
_2ddc _cCH _hS _mVIN |
||
| 999 |
_c53617 _d53617 |
||